Score 0/46 Timer 08:00
0 Plays Today
% Correct
with their fingers crossed
57.1%
that the dice are loaded
56.6%
the rich get rich
56.4%
a box of chocolates
54.3%
their dog just died
47.7%
the good guys lost
46.5%
and everybody knows
45.6%
that the war is over
45%
a line or two
43.2%
a meter on your bed
42.6%
this broken feeling
41.6%
that's how it goes (everybody knows)
41.3%
that's how it goes (everybody knows)
39.5%
to their pockets
39%
that the captain lied
38.8%
you just had to meet
38.8%
the fight was fixed
38.6%
everybody knows
38.4%
that the boat is leaking
37.8%
a night or two
37.4%
still pickin' cotton
36.9%
shining artifact of the past
36.1%
that's how it goes (everybody knows)
35.2%
% Correct
of Malibu
35.1%
and everybody knows
35.1%
on top of Calvary
34.9%
at this sacred heart
34.9%
that's how it goes (everybody knows)
34.7%
everybody knows
32.1%
that you've been faithful
32%
and everybody knows
31.7%
what everybody knows
31.3%
that you really do
30.5%
you've been discreet
30.3%
that you love me, baby
28.7%
the deal is rotten
25.9%
that the naked man and woman
25.5%
that it's moving fast
25.3%
that the Plague is coming
24.9%
it's coming apart
24.5%
that you live forever
24.3%
that it's me or you
23.6%
the scene is dead
23.1%
that it's now or never
22.7%
what you've been through
22.2%
that you're in trouble
21.3%

You're not logged in!

Compare scores with friends on all Sporcle quizzes.
OR
Log In

Sporcle TV

Today on Sporcle TV


Watch our educational content, quiz creation guides, and fun videos on Sporcle TV.

Show Comments

Extras

Top Quizzes Today


Score Distribution

Your Account Isn't Verified!

In order to create a playlist on Sporcle, you need to verify the email address you used during registration. Go to your Sporcle Settings to finish the process.

Report this User

Report this user for behavior that violates our Community Guidelines.

Details: